[Event "82nd Hastings it"]
[Site "Hastings ENG"]
[Date "2007.01.05"]
[Round "9.18"]
[White "Mansson, James"]
[Black "Huss, Andreas"]
[Result "1-0"]
[WhiteElo "2120"]
[BlackElo "2338"]
[EventDate "2006.12.28"]
[PlyCount "129"]

1.Nf3 Nf6 2.c4 e6 3.Nc3 Bb4 4.Qc2 O-O 5.a3 Bxc3 6.Qxc3 c5 7.b4 b6 8.e3 d6 
9.Be2 e5 10.O-O Bg4 11.d3 Re8 12.Re1 a5 13.bxc5 bxc5 14.h3 Bh5 15.Bb2 Nc6 
16.Rab1 Rb8 17.Ba1 Qc7 18.g4 Bg6 19.Nh4 Rb6 20.Nxg6 hxg6 21.Rb5 Na7 22.
Rxb6 Qxb6 23.Bd1 g5 24.Bc2 Nc6 25.Rb1 Qc7 26.Ba4 Ra8 27.Rb3 Ne7 28.Qb2 Ng6
29.Rb7 Qc8 30.Qb6 Nh4 31.Bc3 d5 32.Kf1 d4 33.Be1 Nf3 34.Bc6 Nxe1 35.Kxe1 
dxe3 36.fxe3 Qf8 37.e4 Qd6 38.Bd5 Qxb6 39.Rxb6 Rd8 40.a4 Kf8 41.Rb5 Rc8 
42.Rxa5 Rc7 43.Rb5 Ke7 44.Bb7 Ne8 45.a5 Nd6 46.a6 Nc8 47.Bxc8 Rxc8 48.a7 
Ra8 49.Rb7+ Ke6 50.Kf2 g6 51.Kg3 f6 52.Kg2 Kd6 53.Kf2 Ke6 54.Kg3 Kd6 55.h4
gxh4+ 56.Kxh4 Rh8+ 57.Kg3 Ra8 58.g5 fxg5 59.Kg4 Kc6 60.Rg7 Kb6 61.Kxg5 Ka5
62.Kxg6 Kb4 63.Kf6 Kc3 64.Kxe5 Kxd3 65.Kd5 1-0

[Event "82nd Hastings it"]
[Site "Hastings ENG"]
[Date "2007.01.05"]
[Round "9.19"]
[White "Marusenko, Petr"]
[Black "Rayner, Francis"]
[Result "1/2-1/2"]
[WhiteElo "2330"]
[BlackElo "2247"]
[EventDate "2006.12.28"]
[PlyCount "46"]

1.e4 c5 2.a3 g6 3.h4 Nf6 4.e5 Nd5 5.h5 Bg7 6.Nf3 d6 7.Bb5+ Bd7 8.Bc4 Be6 
9.Ng5 Qd7 10.Nxe6 Qxe6 11.d4 Nc6 12.h6 Bf8 13.O-O cxd4 14.Qf3 Nxe5 15.Qxd5
Nxc4 16.Qb5+ Kd8 17.Qxb7 Nb6 18.c3 Qd5 19.Qxd5 Nxd5 20.cxd4 e6 21.Nc3 Nxc3
22.bxc3 Be7 {(=)} 23.d5 Kd7 1/2-1/2

[Event "82nd Hastings it"]
[Site "Hastings ENG"]
[Date "2007.01.05"]
[Round "9.20"]
[White "Eames, Robert"]
[Black "Graf, Felix"]
[Result "1/2-1/2"]
[WhiteElo "2311"]
[BlackElo "2207"]
[EventDate "2006.12.28"]
[PlyCount "115"]

1.e4 c5 2.c3 Nf6 3.e5 Nd5 4.Nf3 Nc6 5.Bc4 Nb6 6.Bb3 d5 7.exd6 exd6 8.d4 
Bg4 9.O-O Be7 10.h3 Bf5 11.Na3 O-O 12.Re1 d5 13.dxc5 Bxc5 14.Nb5 Na5 15.
Bc2 Bxc2 16.Qxc2 Nc6 17.Bg5 Qd7 18.Rad1 Rfe8 19.Rxe8+ Rxe8 20.a4 a6 21.b4 
Bf8 22.Na3 Ne5 23.Nxe5 Rxe5 24.f4 Re8 25.a5 Na8 26.Qd3 Nc7 27.Nc4 f6 28.
Bh4 Qe6 29.Nb6 Qe3+ 30.Bf2 Qxd3 31.Rxd3 Rd8 32.Kf1 Kf7 33.f5 g6 34.g4 d4 
35.Rxd4 Rxd4 36.Bxd4 Nb5 37.Nd5 Nxd4 38.cxd4 h5 39.Ke2 hxg4 40.hxg4 gxf5 
41.gxf5 Kg7 42.Kd3 Kh6 43.Kc4 Kg5 44.b5 Bd6 45.bxa6 bxa6 46.Nb4 Bc7 47.Nc6
Kxf5 48.Kd5 Bg3 49.Ne7+ Kg5 50.Ke6 f5 51.Nxf5 Be1 52.Ke5 Bxa5 53.Ke4 Kg4 
54.Nh6+ Kg5 55.Nf7+ Kf6 56.Ne5 Bc7 57.Nc4 Ke7 58.d5 1/2-1/2

[Event "82nd Hastings it"]
[Site "Hastings ENG"]
[Date "2007.01.05"]
[Round "9.22"]
[White "Armstrong, Malcolm"]
[Black "Prosviriakov, Vladimir"]
[Result "0-1"]
[WhiteElo "2101"]
[BlackElo "2346"]
[EventDate "2006.12.28"]
[PlyCount "120"]

1.d4 d6 2.e4 Nf6 3.Nc3 g6 4.Nf3 Bg7 5.h3 O-O 6.Be3 c6 7.a4 a5 8.Qd2 Na6 9.
Bd3 Nb4 10.O-O Qc7 11.Rad1 Nxd3 12.Qxd3 b6 13.Rfe1 Ba6 14.Qd2 b5 15.axb5 
cxb5 16.Bh6 b4 17.Nb1 Rfd8 18.Bxg7 Kxg7 19.Rc1 Bb7 20.d5 e5 21.c3 {(=)} 
21...Qb6 22.cxb4 Qxb4 23.Qxb4 axb4 24.Rc4 Ba6 25.Rxb4 Rdb8 26.Ra4 Rxb2 27.
Nbd2 Rbb8 28.Rea1 Bb7 29.Kf1 Rxa4 30.Rxa4 Bc8 31.Ra7 Rb7 32.Rxb7 Bxb7 33.
Ke2 Nd7 34.Ne1 f5 35.f3 Ba6+ 36.Kf2 Nc5 37.g4 Kf6 38.Kg3 f4+ 39.Kf2 Kg5 
40.Ng2 Nd3+ 41.Ke2 Nc1+ 42.Kf2 Ne2 43.h4+ Kf6 44.Nb3 Ke7 45.Ke1 Kd8 46.Kd1
Kc7 47.Ne1 Kb6 48.Nc2 Ng1 49.Nd2 Be2+ 50.Ke1 Bxf3 51.Kf2 Bd1 52.Na3 Nh3+ 
53.Kg2 Bxg4 54.Nf1 Bc8 55.Nc4+ Kc5 56.Ncd2 g5 57.hxg5 Nxg5 58.Nh2 h5 59.
Nhf3 Nxf3 60.Nxf3 Bg4 0-1

[Event "82nd Hastings it"]
[Site "Hastings ENG"]
[Date "2007.01.05"]
[Round "9.23"]
[White "Salimbeni, George P W"]
[Black "Eggleston, David"]
[Result "0-1"]
[WhiteElo "1624"]
[BlackElo "2239"]
[EventDate "2006.12.28"]
[PlyCount "98"]

1.e4 e6 2.d3 d5 3.Nd2 c5 4.Ngf3 Nc6 5.g3 Bd6 6.Bg2 Nge7 7.O-O O-O 8.Re1 
Qc7 9.Qe2 f6 10.c3 d4 11.Nc4 e5 12.Nh4 b5 13.Nxd6 Qxd6 14.a4 dxc3 15.bxc3 
b4 16.Bb2 Ba6 17.c4 Rad8 18.Red1 Bc8 19.Qe3 Nd4 20.Bxd4 Qxd4 21.Qxd4 Rxd4 
22.Nf3 Rd6 23.h3 Nc6 24.Bf1 Be6 25.Kg2 Rfd8 26.Re1 Rb8 27.a5 Rd7 28.Reb1 
Rdb7 29.Nd2 b3 30.Rb2 Nd4 31.Rab1 Rb4 32.Nf3 Bxh3+ 33.Kxh3 Nxf3 34.Be2 Nd4
35.Bd1 Kf7 36.Ra1 Rd8 37.Ra3 g6 38.Kg2 f5 39.f3 a6 40.Kf2 f4 41.g4 Kf6 42.
Ra1 h5 43.gxh5 gxh5 44.Be2 Rg8 45.Rbb1 b2 46.Ra2 Nxe2 47.Kxe2 Rg2+ 48.Kf1 
Rc2 49.Rd1 Rc1 0-1

[Event "82nd Hastings it"]
[Site "Hastings ENG"]
[Date "2007.01.05"]
[Round "9.24"]
[White "Norris, Alan"]
[Black "Muter, Donny"]
[Result "1/2-1/2"]
[WhiteElo "2307"]
[BlackElo "2146"]
[EventDate "2006.12.28"]
[PlyCount "38"]

1.d4 d5 2.Nf3 Nf6 3.Bg5 e6 4.Nbd2 c5 5.e3 cxd4 6.exd4 Be7 7.Bd3 O-O 8.c3 
b6 9.Qe2 a5 10.Ne5 Nfd7 11.Qh5 g6 12.Bxe7 Qxe7 13.Qh6 Nxe5 14.dxe5 Nd7 15.
Nf3 f6 16.Qe3 fxe5 17.Nxe5 Qc5 18.Nxd7 Qxe3+ 19.fxe3 Bxd7 1/2-1/2

[Event "82nd Hastings it"]
[Site "Hastings ENG"]
[Date "2007.01.05"]
[Round "9.25"]
[White "Grant, Alan G"]
[Black "Hutchinson, Norman"]
[Result "1-0"]
[WhiteElo "2206"]
[BlackElo "2097"]
[EventDate "2006.12.28"]
[PlyCount "51"]

1.e4 c6 2.Nc3 d5 3.Nf3 Bg4 4.h3 Bxf3 5.Qxf3 d4 6.Bc4 e6 7.Ne2 Nf6 8.c3 
dxc3 9.bxc3 b5 10.Bb3 Nbd7 11.d4 e5 12.O-O a5 13.Ng3 a4 14.Bc2 g6 15.Qd3 
Qb6 16.Be3 Rd8 17.dxe5 Nc5 18.Qe2 Nfd7 19.f4 Qa5 20.e6 Nxe6 21.f5 Nc7 22.
Qf2 Qxc3 23.fxg6 f6 24.e5 Nxe5 25.Ne4 Qa3 26.Nxf6+ 1-0

[Event "82nd Hastings it"]
[Site "Hastings ENG"]
[Date "2007.01.05"]
[Round "9.26"]
[White "Mulligan, Stephen"]
[Black "Foord, Dominic"]
[Result "0-1"]
[WhiteElo "2199"]
[BlackElo "1894"]
[EventDate "2006.12.28"]
[PlyCount "56"]

1.d4 e6 2.Nf3 f5 3.g3 Nf6 4.Bg2 Be7 5.O-O O-O 6.c4 d6 7.Nc3 Ne4 8.Qc2 Nxc3
9.Qxc3 a5 10.Qc2 Nc6 11.Bd2 e5 12.d5 Nb8 13.e4 Qe8 14.Ng5 f4 15.gxf4 exf4 
16.Nf3 Qg6 17.Kh1 Bg4 18.Qd3 Nd7 19.b4 Qh5 20.Rae1 axb4 21.Bxb4 Rf6 22.Bd2
Rxa2 23.Rg1 Rxd2 24.Nxd2 Ne5 25.Qc3 f3 26.Re3 Qxh2+ 27.Kxh2 Rh6+ 28.Kg3 
Bh4+ 0-1

[Event "82nd Hastings it"]
[Site "Hastings ENG"]
[Date "2007.01.05"]
[Round "9.27"]
[White "Groffen, Hans"]
[Black "Poobalasingam, Peter"]
[Result "1/2-1/2"]
[WhiteElo "2180"]
[BlackElo "2077"]
[EventDate "2006.12.28"]
[PlyCount "21"]

1.d4 e6 2.c4 f5 3.Nf3 Nf6 4.g3 Be7 5.Bg2 O-O 6.O-O d6 7.Nc3 Ne4 8.Qc2 Nxc3
9.Qxc3 a5 10.Qc2 Nc6 11.b3 1/2-1/2

[Event "82nd Hastings it"]
[Site "Hastings ENG"]
[Date "2007.01.05"]
[Round "9.28"]
[White "Vrban, Damir"]
[Black "Griffiths, Ryan Rhys"]
[Result "1-0"]
[WhiteElo "2130"]
[BlackElo "2104"]
[EventDate "2006.12.28"]
[PlyCount "63"]

1.g3 f5 2.Bg2 Nf6 3.d3 g6 4.Nh3 Bg7 5.f4 d6 6.Nf2 O-O 7.c4 e5 8.fxe5 dxe5 
9.Nc3 c6 10.e4 Be6 11.O-O Qe8 12.Be3 Nh5 13.exf5 gxf5 14.Bf3 Nf6 15.Bc5 
Rf7 16.Qe2 Nbd7 17.Bd6 Bf8 18.Bxe5 Nxe5 19.Qxe5 Qd7 20.Rae1 Re8 21.Qe3 Kh8
22.Qxa7 Bh6 23.Qc5 f4 24.Nce4 Nxe4 25.Nxe4 fxg3 26.Nd6 gxh2+ 27.Kh1 Rfe7 
28.Nxe8 Rxe8 29.Bh5 Re7 30.Qe5+ Bg7 31.Rf8+ Bg8 32.Rxg8+ 1-0

[Event "82nd Hastings it"]
[Site "Hastings ENG"]
[Date "2007.01.05"]
[Round "9.29"]
[White "Webster, Richard J"]
[Black "Jackson, Oliver A"]
[Result "0-1"]
[WhiteElo "1983"]
[BlackElo "2225"]
[EventDate "2006.12.28"]
[PlyCount "48"]

1.c4 e5 2.g3 Nc6 3.Bg2 f5 4.Nc3 Nf6 5.d3 Bc5 6.e3 O-O 7.Nge2 Qe8 8.Nd5 
Nxd5 9.cxd5 Ne7 10.O-O d6 11.d4 Bb6 12.dxe5 dxe5 13.b3 Bd7 14.Bb2 Ng6 15.
a4 f4 16.exf4 exf4 17.Nd4 Ne5 18.Ne6 f3 19.Bh1 Bxe6 20.Bxe5 Bg4 21.Bd4 Qh5
22.Bxb6 axb6 23.Rc1 Rf7 24.Re1 Rd8 0-1

[Event "82nd Hastings it"]
[Site "Hastings ENG"]
[Date "2007.01.05"]
[Round "9.30"]
[White "Dickson, George A"]
[Black "Chevannes, Sabrina"]
[Result "1/2-1/2"]
[WhiteElo "2171"]
[BlackElo "2093"]
[EventDate "2006.12.28"]
[PlyCount "73"]

1.d4 d5 2.Bf4 Nf6 3.Nf3 Bf5 4.e3 e6 5.Nbd2 Be7 6.Be2 O-O 7.Ne5 Nfd7 8.g4 
Bg6 9.Nxg6 fxg6 10.c3 c5 11.Bg3 Nc6 12.O-O Rc8 13.f4 g5 14.f5 e5 15.dxe5 
Ndxe5 16.e4 d4 17.Nc4 Bf6 18.Qb3 Kh8 19.Rad1 Qe7 20.Nxe5 Bxe5 21.Qe6 Qxe6 
22.fxe6 Bxg3 23.hxg3 Rfe8 24.Bb5 dxc3 25.bxc3 Rxe6 26.Bxc6 bxc6 27.Rd7 
Rxe4 28.Rxa7 Re3 29.Rff7 Rg8 30.Kf2 Rxc3 31.Ra6 h6 32.Rxc6 Ra8 33.Kg2 
Rxa2+ 34.Kh3 Rc1 35.Rxh6+ gxh6 36.Rf8+ Kg7 37.Rf7+ 1/2-1/2

[Event "82nd Hastings it"]
[Site "Hastings ENG"]
[Date "2007.01.05"]
[Round "9.31"]
[White "Goldsworthy, Patrick"]
[Black "Sugden, John N"]
[Result "0-1"]
[WhiteElo "1936"]
[BlackElo "2158"]
[EventDate "2006.12.28"]
[PlyCount "120"]

1.e4 c5 2.Nf3 e6 3.d4 cxd4 4.Nxd4 a6 5.Be2 Nf6 6.Qd3 Qc7 7.Nc3 b5 8.f4 d6 
9.Be3 Bb7 10.Bf3 Nbd7 11.Nb3 Rc8 12.a3 Be7 13.O-O O-O 14.Rae1 Nb6 15.Nd2 
Rfd8 16.Kh1 Ba8 17.Qe2 Nc4 18.Nxc4 Qxc4 19.Qf2 d5 20.Be2 Qc6 21.e5 d4 22.
Bxd4 Rxd4 23.exf6 Bxf6 24.Bf3 Qd7 25.Bxa8 Rxa8 26.Ne4 Be7 27.c3 Rd5 28.Qf3
Rd8 29.Qh3 g6 30.Qf3 Kg7 31.Nf2 Bc5 32.Ne4 {(=)} 32...Bb6 33.Qe2 Rd3 34.
Rf3 h6 35.h3 Rxf3 36.Qxf3 Qd3 37.Qxd3 Rxd3 38.Re2 Re3 39.Rxe3 Bxe3 40.g3 
Bc1 41.a4 bxa4 42.Nc5 Bxb2 43.Nxa4 Ba3 44.Kg2 Kf6 45.Kf3 e5 46.Nb6 exf4 
47.Kxf4 Bd6+ 48.Kf3 Ke5 49.g4 Bc5 50.Nc4+ Kd5 51.Nd2 a5 52.Ke2 a4 53.Kd3 
a3 54.Kc2 Ke5 55.Kb3 Kf4 56.Nb1 Kg3 57.Nxa3 Kxh3 58.Nc2 Kxg4 59.Kc4 Ba7 
60.Kd3 h5 0-1

[Event "82nd Hastings it"]
[Site "Hastings ENG"]
[Date "2007.01.05"]
[Round "9.32"]
[White "Haydon, David"]
[Black "Donovan, Nigel"]
[Result "1/2-1/2"]
[WhiteElo "2073"]
[BlackElo "2119"]
[EventDate "2006.12.28"]
[PlyCount "99"]

1.e4 c5 2.Nf3 d6 3.Nc3 Nf6 4.Bb5+ Bd7 5.Bxd7+ Nbxd7 6.O-O g6 7.d4 cxd4 8.
Qxd4 Bg7 9.Be3 O-O 10.Qd3 Ng4 11.Bd4 Nde5 12.Nxe5 Nxe5 13.Bxe5 Bxe5 14.Nd5
b6 {(=)} 15.c3 e6 16.Nb4 Qc7 17.f4 Bf6 18.Rad1 Rad8 19.f5 Qc5+ 20.Kh1 a5 
21.fxe6 fxe6 22.Nc2 Bg7 23.g3 Rf2 24.Rxf2 Qxf2 25.Rf1 Qc5 26.Ne3 b5 27.Kg2
b4 28.cxb4 axb4 29.b3 Qd4 30.Rd1 Qxd3 31.Rxd3 Ra8 32.Rd2 Bc3 33.Rc2 Kf7 
34.Kf3 Ke7 35.Ke2 Kd7 36.Kd3 Ra5 37.Nc4 Ra6 38.Rf2 Ke7 39.Ne3 Ra8 40.Rc2 
Kd7 41.Nd1 Be5 42.Rf2 d5 43.Ne3 Kd6 44.exd5 exd5 45.Rc2 Ra7 46.Ng4 Bc3 47.
Rf2 Ke6 48.Re2+ Kd6 {(=)} 49.Ne3 Be5 50.Ng4 1/2-1/2

[Event "82nd Hastings it"]
[Site "Hastings ENG"]
[Date "2007.01.05"]
[Round "9.33"]
[White "Kulago, Alexander"]
[Black "Pickersgill, Adrian O"]
[Result "0-1"]
[WhiteElo "2114"]
[BlackElo "2093"]
[EventDate "2006.12.28"]
[PlyCount "92"]

1.Nf3 d5 2.d4 Nc6 3.g3 Bg4 4.Bg2 e6 5.O-O Nf6 6.Bf4 Be7 7.Nbd2 O-O 8.c3 h6
9.Ne5 Nxe5 10.Bxe5 c6 11.h3 Bf5 12.Re1 Qb6 13.Qb3 Nd7 {(=)} 14.Bf4 Qxb3 
15.Nxb3 a5 16.Nd2 g5 17.Be3 a4 18.f4 b5 19.Bf2 Rae8 20.e4 Bg6 21.b3 Nb6 
22.Be3 f5 23.exd5 exd5 24.Nf3 Bd6 25.Ne5 Bxe5 26.dxe5 Rb8 27.fxg5 h5 28.e6
Rfe8 29.Bf4 Ra8 30.Rab1 axb3 31.axb3 Ra2 32.h4 Rc2 33.Re3 Ra8 34.e7 d4 35.
Re6 Bf7 36.Rxc6 Rxg2+ 37.Kf1 Rh2 38.Rxb6 Rh1+ 39.Ke2 Rxb1 40.Be5 Bxb3 41.
Rg6+ Kf7 42.Rg7+ Ke6 43.Bxd4 Ra2+ 44.Ke3 Re1+ 45.Kf4 Re4+ 46.Kf3 Bd1# 0-1

[Event "82nd Hastings it"]
[Site "Hastings ENG"]
[Date "2007.01.05"]
[Round "9.34"]
[White "Rice, Christopher"]
[Black "Cohen, Ronnie"]
[Result "0-1"]
[WhiteElo "2110"]
[BlackElo "1841"]
[EventDate "2006.12.28"]
[PlyCount "124"]

1.c4 Nf6 2.g3 g6 3.Bg2 Bg7 4.Nc3 c5 5.Nf3 Nc6 6.O-O O-O 7.d4 cxd4 8.Nxd4 
Nxd4 9.Qxd4 d6 10.Qd3 Nd7 11.Qc2 a5 12.Rd1 Rb8 13.Be3 b6 14.Rac1 Nc5 15.b3
Bf5 16.Qd2 Qd7 17.Bh6 Rfd8 18.Bxg7 Kxg7 19.Qd4+ Kg8 20.Qh4 h5 21.Nd5 f6 
22.Qd4 Kg7 23.Qc3 Rh8 24.h4 Qa7 25.Qe3 Rhe8 26.Nc3 Rbc8 27.Rd4 Nd7 28.Qd2 
Ne5 29.Rd1 Qb8 30.Qb2 Nc6 31.R4d2 Ne5 32.Nb5 Rc5 33.Nd4 Bd7 34.Kh2 Rec8 
35.Bd5 b5 36.Rc1 bxc4 37.Bxc4 Nxc4 38.bxc4 Qxb2 39.Rxb2 Rxc4 40.Rxc4 Rxc4 
41.e3 Kf7 42.Rb7 Be8 43.Nb5 Bxb5 44.Rxb5 Ra4 45.Rb2 e5 46.Kg2 Ke6 47.Kf3 
f5 48.Ke2 Kd5 49.Rd2+ Kc5 50.Rc2+ Rc4 51.Rb2 a4 52.Kf3 Rc3 53.Ke2 a3 54.
Rd2 d5 55.Kd1 Kc4 56.Ke2 d4 57.exd4 exd4 58.Kd1 d3 59.f4 Kd4 60.Rh2 Rc6 
61.Rh1 Rb6 62.Kc1 Kc3 0-1

[Event "82nd Hastings it"]
[Site "Hastings ENG"]
[Date "2007.01.05"]
[Round "9.35"]
[White "Lunn, Timothy"]
[Black "Wilson, Alexandra"]
[Result "1/2-1/2"]
[WhiteElo "2079"]
[BlackElo "2056"]
[EventDate "2006.12.28"]
[PlyCount "50"]

1.d4 Nf6 2.c4 g6 3.Nc3 d5 4.cxd5 Nxd5 5.e4 Nxc3 6.bxc3 Bg7 7.Bc4 O-O 8.Ne2
c5 9.O-O Nc6 10.Be3 e6 11.Qd2 Re8 12.Rfd1 Qa5 13.Bh6 Bh8 14.Rab1 a6 15.Qg5
cxd4 16.cxd4 Qxg5 17.Bxg5 b5 18.Bb3 Na5 19.Bc2 Nc4 20.Bd3 Nd6 21.Rdc1 Bb7 
22.f3 Rac8 23.Bf4 Red8 24.Rxc8 Nxc8 25.Be3 Nd6 1/2-1/2

[Event "82nd Hastings it"]
[Site "Hastings ENG"]
[Date "2007.01.05"]
[Round "9.36"]
[White "Almond, Richard"]
[Black "Spanton, Timothy R"]
[Result "1-0"]
[WhiteElo "2124"]
[BlackElo "2051"]
[EventDate "2006.12.28"]
[PlyCount "53"]

1.d4 d5 2.c4 Nc6 3.Nc3 dxc4 4.Nf3 Nf6 5.e3 e5 6.d5 e4 7.Ng5 Ne5 8.Bxc4 
Nxc4 9.Qa4+ Nd7 10.Nxf7 Kxf7 11.Qxc4 Nb6 12.Qxe4 Bd6 13.O-O Qf6 14.f4 Bf5 
15.Qf3 Qg6 16.e4 Bc5+ 17.Kh1 Bg4 18.f5 Qh5 19.Qg3 Be2 20.Qxc7+ Be7 21.Nxe2
Qxe2 22.Bg5 Rhe8 23.d6 Rac8 24.Qxb7 Rb8 25.Qxa7 Ra8 26.Qc7 Rac8 27.Qxb6 
1-0

[Event "82nd Hastings it"]
[Site "Hastings ENG"]
[Date "2007.01.05"]
[Round "9.37"]
[White "Snowden, James"]
[Black "Fryer, David W"]
[Result "1-0"]
[WhiteElo "1903"]
[BlackElo "2101"]
[EventDate "2006.12.28"]
[PlyCount "69"]

1.e4 e5 2.Bc4 Nf6 3.d3 c6 4.Nf3 Be7 5.Nc3 d6 6.h3 Nbd7 7.Ng5 O-O 8.f4 d5 
9.Bb3 exf4 10.Bxf4 h6 11.Nf3 Nh5 12.Bh2 Bh4+ 13.Kd2 Ng3 14.Bxg3 Bxg3 15.
exd5 Bf4+ 16.Ke1 Re8+ 17.Kf1 Re3 18.dxc6 bxc6 19.Ne4 Ne5 20.Nxe5 Bxe5 21.
Qh5 Rxe4 22.dxe4 Ba6+ 23.c4 Qd3+ 24.Qe2 Qxe2+ 25.Kxe2 Bxb2 26.Rad1 c5 27.
Rd7 Kf8 28.Kd3 Bd4 29.Rb1 Bc8 30.Rc7 Be6 31.Rd1 Ke8 32.Ba4+ Kd8 33.Rb7 f5 
34.Bc6 fxe4+ 35.Bxe4 1-0

[Event "82nd Hastings it"]
[Site "Hastings ENG"]
[Date "2007.01.05"]
[Round "9.39"]
[White "Henrichsen, Jens"]
[Black "Thilaganathan, Jessica"]
[Result "1/2-1/2"]
[WhiteElo "2089"]
[BlackElo "1871"]
[EventDate "2006.12.28"]
[PlyCount "33"]

1.d4 d5 2.c4 e6 3.Nf3 Nf6 4.Nc3 Nbd7 5.Bg5 c6 6.e3 Qa5 7.Nd2 Bb4 8.Qc2 O-O
9.Bh4 Re8 10.Be2 e5 11.dxe5 Rxe5 12.Rc1 Bxc3 13.bxc3 Ne4 14.Nb3 Qa4 15.Bg3
Re8 16.cxd5 cxd5 17.Nd4 1/2-1/2

[Event "82nd Hastings it"]
[Site "Hastings ENG"]
[Date "2007.01.05"]
[Round "9.40"]
[White "Calvert, David Ian"]
[Black "MacRae, James S"]
[Result "1-0"]
[WhiteElo "2064"]
[BlackElo "1759"]
[EventDate "2006.12.28"]
[PlyCount "110"]

1.b3 d5 2.Bb2 Nf6 3.Nf3 e6 4.c4 c6 5.g3 Nbd7 6.Bg2 Be7 7.O-O O-O 8.d3 Qb6 
9.Nbd2 Rd8 10.a3 Ne8 11.Qc2 Bf6 12.b4 Bxb2 13.Qxb2 a5 14.Rfb1 axb4 15.axb4
Rxa1 16.Rxa1 Nef6 17.Rb1 Nf8 18.Ne5 N8d7 19.Ndf3 Nxe5 20.Nxe5 Nd7 21.Nxd7 
Bxd7 22.c5 Qc7 23.d4 Ra8 24.Ra1 Qb8 25.e3 Ra7 26.Bf1 Qa8 27.Rxa7 Qxa7 28.
b5 Kf8 29.b6 Qa8 30.f4 h5 31.Qf2 g6 32.h3 Kg7 33.Kg2 Qb8 34.Be2 Kg8 35.g4 
hxg4 36.hxg4 Kg7 37.Qh4 Qe8 38.Bd3 Bc8 39.Kf3 Bd7 40.f5 exf5 41.gxf5 Bxf5 
42.Bxf5 gxf5 43.Qg5+ Kf8 44.Qxf5 Qe6 45.Qf4 Qh3+ 46.Ke2 Qd7 47.Kf2 Ke7 48.
Kg3 f6 49.Qh6 Qe8 50.Kf4 Qf8 51.Qh2 Qd8 52.Qh7+ Kf8 53.Qh8+ Ke7 54.Qg7+ 
Ke6 55.Qxb7 Qe8 1-0

[Event "82nd Hastings it"]
[Site "Hastings ENG"]
[Date "2007.01.05"]
[Round "9.41"]
[White "Hickman, John E"]
[Black "Gibson, Christopher A"]
[Result "1-0"]
[WhiteElo "2058"]
[BlackElo "2056"]
[EventDate "2006.12.28"]
[PlyCount "71"]

1.e4 c5 2.Nf3 d6 3.d4 cxd4 4.Nxd4 Nf6 5.Nc3 a6 6.Be3 e6 7.f3 b5 8.g4 h6 9.
Qd2 b4 10.Nce2 e5 11.Nb3 Nc6 12.h4 Be6 13.Ng3 Nd7 14.Nf5 Nb6 15.O-O-O Bxf5
16.gxf5 Qc7 17.Rg1 Nd7 18.Qf2 Qb7 19.Bc4 Nf6 20.Bd5 Rc8 21.Na5 Qb5 22.
Bxc6+ Rxc6 23.Nxc6 Qxc6 24.Ba7 Nd7 25.Rd5 Qb7 26.Be3 Nf6 27.Ra5 d5 28.exd5
Nxd5 29.Bc5 f6 30.Bxf8 Rxf8 31.Qc5 Nf4 32.Rd1 Kf7 33.Qc4+ Ke7 34.Rxa6 Rc8 
35.Ra7 Ne2+ 36.Kb1 1-0

[Event "82nd Hastings it"]
[Site "Hastings ENG"]
[Date "2007.01.05"]
[Round "9.43"]
[White "Kenyon, Scott J M"]
[Black "Rety, John"]
[Result "0-1"]
[WhiteElo "1759"]
[BlackElo "1965"]
[EventDate "2006.12.28"]
[PlyCount "74"]

1.d4 Nf6 2.Bg5 e6 3.e4 Be7 4.e5 Nd5 5.Bxe7 Qxe7 6.a3 a5 7.Qg4 f5 8.Qh5+ 
Qf7 9.Qxf7+ Kxf7 10.c4 Nb6 11.Nc3 d6 12.f4 Bd7 13.Nf3 h6 14.Be2 Na6 15.
exd6 cxd6 16.c5 Nc8 17.cxd6 Nxd6 18.Ne5+ Ke8 19.Bh5+ Ke7 20.Ng6+ Kf6 21.
Nxh8 Rxh8 22.O-O-O g5 23.d5 e5 24.fxe5+ Kxe5 25.Rhe1+ Kf6 26.Be2 Nc5 27.
Bd3 Rc8 28.Kb1 b5 29.Bc2 b4 30.Re6+ Bxe6 31.dxe6 Kxe6 32.axb4 axb4 33.Ne2 
Nde4 34.Nd4+ Ke5 35.Nb5 {(=)} 35...Rb8 36.Nd4 Nf2 37.Nf3+ Kf6 0-1

[Event "82nd Hastings it"]
[Site "Hastings ENG"]
[Date "2007.01.05"]
[Round "9.44"]
[White "Dennis, Nigel W"]
[Black "Barron, David"]
[Result "1-0"]
[WhiteElo "2020"]
[BlackElo "1966"]
[EventDate "2006.12.28"]
[PlyCount "73"]

1.e4 c5 2.Nf3 Nc6 3.d4 cxd4 4.Nxd4 e5 5.Nb5 d6 6.c4 Be7 7.N1c3 a6 8.Na3 f5
9.exf5 Bxf5 10.Bd3 Be6 11.O-O Nf6 12.h3 O-O 13.Be3 Qd7 14.Be2 Bd8 15.Bf3 
b6 16.b4 Rc8 17.Qa4 Nd4 18.Bxd4 exd4 19.Qxd7 Nxd7 20.Nd5 Ne5 21.Be4 Nxc4 
22.Nxc4 Rxc4 23.Rac1 Rxc1 24.Rxc1 Bg5 25.Rd1 Rc8 26.Nxb6 Rc1 27.Rxc1 Bxc1 
28.a4 g6 29.Kf1 Kf7 30.Nd5 d3 31.Ke1 d2+ 32.Kd1 Bxd5 33.Bxd5+ Ke7 34.b5 
axb5 35.axb5 Kd7 36.b6 Kc8 37.f4 1-0

[Event "82nd Hastings it"]
[Site "Hastings ENG"]
[Date "2007.01.05"]
[Round "9.45"]
[White "Cumming, Rhys"]
[Black "Weidman, Mark"]
[Result "1-0"]
[WhiteElo "1552"]
[BlackElo "1232"]
[EventDate "2006.12.28"]
[PlyCount "111"]

1.e4 e5 2.Nf3 Nc6 3.d4 exd4 4.Bc4 Bc5 5.c3 Nge7 6.Ng5 O-O 7.Nxf7 Rxf7 8.
Bxf7+ Kxf7 9.Qh5+ Ng6 10.Qd5+ Ke8 11.Qxc5 Qh4 12.O-O Qxe4 13.Bd2 d6 14.Qc4
Be6 15.Qb5 Kd7 16.cxd4 Rf8 17.Nc3 Qxd4 18.Be3 Qh4 19.Bg5 Qg4 20.b3 Rf5 21.
Qe2 Rxg5 {(=)} 22.Qxg4 Bxg4 23.f4 Rf5 24.h3 Rc5 25.Na4 Be2 26.Nxc5+ dxc5 
27.Rf2 Nd4 28.Re1 Bd3 29.Rd1 Be4 30.f5 Nh4 31.Rf4 Bc2 32.Rd2 Kc6 33.Rxh4 
Nxf5 34.Rc4 Bb1 35.b4 b6 36.a4 Ne3 37.Rc1 Bg6 38.Re2 Nd5 39.bxc5 bxc5 40.
Re6+ Kd7 41.Ra6 c4 42.Rxc4 Bd3 43.Rac6 Bxc4 44.Rxc4 c6 45.Kf2 Kc7 46.Rg4 
Nc3 47.Rxg7+ Kb6 48.a5+ Kxa5 49.Rxa7+ Kb4 50.Rxh7 c5 51.Rb7+ Ka3 52.Ke3 c4
53.Kd4 Nb5+ 54.Rxb5 Ka2 55.Kc3 Ka1 56.Kc2 1-0

[Event "82nd Hastings it"]
[Site "Hastings ENG"]
[Date "2007.01.05"]
[Round "9.46"]
[White "Messam-Sparks, Lateefah"]
[Black "Van de Laar, Michael"]
[Result "1-0"]
[WhiteElo "1560"]
[BlackElo "1088"]
[EventDate "2006.12.28"]
[PlyCount "51"]

1.e4 c5 2.Nf3 d6 3.Bc4 e6 4.Nc3 Be7 5.d3 a6 6.a4 Nf6 7.h3 Bd7 8.Bf4 O-O 9.
O-O Nc6 10.Bh2 e5 11.Nd2 Nd4 12.Nd5 Be6 13.Nxe7+ Qxe7 14.Bxe6 Nxe6 15.c3 
Nf4 16.Bxf4 exf4 17.Qf3 Qe5 18.Nc4 Qg5 19.Nxd6 Rab8 20.Rfe1 b5 21.axb5 
axb5 22.Ra5 b4 23.d4 bxc3 24.Rxc5 cxb2 25.Rxg5 g6 26.Rb1 1-0